Unhealthy fibres (Record no. 68996)

MARC details
000 -LEADER
fixed length control field 01051cam a2200253 4500
001 - CONTROL NUMBER
control field ABS64798
008 - FIXED-LENGTH DATA ELEMENTS--GENERAL INFORMATION
fixed length control field 011203n2001 000 0 eng u
035 ## - SYSTEM CONTROL NUMBER
System control number (Sirsi) u115826
100 ## - MAIN ENTRY--PERSONAL NAME
Personal name Spence, P.
245 ## - TITLE STATEMENT
Title Unhealthy fibres
260 ## - PUBLICATION, DISTRIBUTION, ETC.
Date of publication, distribution, etc. 2001
490 ## - SERIES STATEMENT
Series statement Estates Gazette
Volume/sequential designation (0145) 10 November 2001, 132-133(2)
520 ## - SUMMARY, ETC.
Summary, etc. Asbestos-related deaths total about 3,000 per year and are set to rise to 10,000 by 2020. Outlines the Health & Safety Executive (HSE) new regulations set out in draft Regulation 4, likely to be introduced early in 2002, which will place a requirement on employers and landlords to assess their premises for asbestos, and take measures to reduce or eliminate the risks it presents to people.
590 ## - LOCAL NOTE (RLIN)
Local note ABS
650 ## - SUBJECT ADDED ENTRY--TOPICAL TERM
Topical term or geographic name entry element MANAGEMENT-HEALTH AND SAFETY-HAZARDOUS SUBSTANCES-ASBESTOS
650 ## - SUBJECT ADDED ENTRY--TOPICAL TERM
Topical term or geographic name entry element EMPLOYERS
650 ## - SUBJECT ADDED ENTRY--TOPICAL TERM
Topical term or geographic name entry element LANDLORDS
650 ## - SUBJECT ADDED ENTRY--TOPICAL TERM
Topical term or geographic name entry element ASBESTOS REGISTER
650 ## - SUBJECT ADDED ENTRY--TOPICAL TERM
Topical term or geographic name entry element WORKPLACE PREMISES
650 ## - SUBJECT ADDED ENTRY--TOPICAL TERM
Topical term or geographic name entry element REGULATIONS
690 ## - LOCAL SUBJECT ADDED ENTRY--TOPICAL TERM (OCLC, RLIN)
Topical term or geographic name as entry element HEALTH AND SAFETY
9 (RLIN) 6244
700 ## - ADDED ENTRY--PERSONAL NAME
Personal name Zuckerman, M.
942 ## - ADDED ENTRY ELEMENTS (KOHA)
Suppress in OPAC 0
Holdings
Withdrawn status Lost status Source of classification or shelving scheme Damaged status Not for loan Home library Current library Shelving location Date acquired Total Checkouts Full call number Barcode Date last seen Copy number Price effective from Koha item type
    Dewey Decimal Classification     London London Journal article 03/12/2001   ABS64798 115826-1001 06/08/2019 1 06/08/2019 Journal article